Normale Ansicht MARC-Ansicht ISBD

Einst Vergnügungstempel, heute zerfallene Ruine (Titelsatznr. 80202)

[ MARC ]
MARC-Details
000 -Satzkennung
Kontrollfeld mit fester Länge 00641nam a22001457a 4500
008 - Feld mit fester Länge zur physischen Beschreibung - Allgemeine Angaben
Kontrollfeld mit fester Länge 201130b ||||| |||| 00| 0 eng d
040 ## - Katalogisierungsquelle
Katalogisierungssprache ger
Übertragungsstelle STAFF
Beschreibungsfestlegungen rda
Original-Katalogisierungsstelle STAFF
100 ## - Person oder Familie als 1. geistiger Schöpfer
Personenname Kelm, Hartmut
245 ## - Titel
Haupttitel Einst Vergnügungstempel, heute zerfallene Ruine
Titelzusatz Immobilien: Frankfurt ist reich an einst bedeutenden und heute leerstehenden Bauten. Ein verlassener Ort ist die Stadthalle im Buschmühlenweg.
773 ## - Übergeordnete Einheit
Ort, Verlag und Erscheinungsjahr Frankfurt (Oder): Märkisches Verlags- und Druckhaus GmbH & Co KG
Verknüpfungsangaben 31. Jahrgang (2020) Nr. 275 vom 25.11.2020, S. 16
Titel Märkische Oderzeitung
942 ## - Zusätzliche Felder (Koha)
Koha-Medientyp Aufsätze
Exemplare
Ausgeschieden Verloren Beschädigt Nicht entleihbar Permanenter Standort Aktueller Standort Eingabedatum Anzahl Ausleihen Signatur Letzte Aktivität Preis gültig von Medientyp
        Stadtarchiv Frankfurt (Oder) | Archivbibliothek Stadtarchiv Frankfurt (Oder) | Archivbibliothek 30/11/2020   Z2 30/11/2020 30/11/2020 Aufsätze